Listen up : (Record no. 1159)

MARC details
000 -LEADER
fixed length control field 01175cam a2200325 a 4500
005 - DATE AND TIME OF LATEST TRANSACTION
control field 20260322212049.0
008 - FIXED-LENGTH DATA ELEMENTS--GENERAL INFORMATION
fixed length control field data
010 ## - LIBRARY OF CONGRESS CONTROL NUMBER
LC control number 92205875
Canceled/invalid LC control number 90036049
020 ## - INTERNATIONAL STANDARD BOOK NUMBER
International Standard Book Number 0446392332 (cassette pkg.)
020 ## - INTERNATIONAL STANDARD BOOK NUMBER
International Standard Book Number 0446392863 (CD pkg.)
020 ## - INTERNATIONAL STANDARD BOOK NUMBER
International Standard Book Number 9780446392334 (cassette pkg.)
020 ## - INTERNATIONAL STANDARD BOOK NUMBER
International Standard Book Number 9780446392860 (CD pkg.)
040 ## - CATALOGING SOURCE
Original cataloging agency DLC
Transcribing agency DLC
Modifying agency DLC
043 ## - GEOGRAPHIC AREA CODE
Geographic area code n-us---
050 00 - LIBRARY OF CONGRESS CALL NUMBER
Classification number ML419.J7
Item number L57 1990
082 00 - DEWEY DECIMAL CLASSIFICATION NUMBER
Classification number B
-- B
Edition information 20
092 ## - LOCALLY ASSIGNED DEWEY CALL NUMBER (OCLC)
Classification number 781.64 L57 1990
001 - CONTROL NUMBER
control field data
245 00 - TITLE STATEMENT
Title Listen up :
Remainder of title the lives of Quincy Jones /
Statement of responsibility, etc. edited by Courtney Ross, Nelson George & Frankfurt Gips Balkind (Firm).
260 ## - PUBLICATION, DISTRIBUTION, ETC.
Place of publication, distribution, etc. New York :
Name of publisher, distributor, etc. Warner Books,
Date of publication, distribution, etc. c1990.
300 ## - PHYSICAL DESCRIPTION
Extent 191 p. :
Other physical details chiefly ill. (some col.) ;
Dimensions 29 cm. +
Accompanying material 1 sound disc (digital ; 4 3/4 in.) + 1 poster (col. ; 84 x 58 cm.)
500 ## - GENERAL NOTE
General note "Based on the Warner Bros. motion picture Listen up, the lives of Quincy Jones"--P. facing t.p.
500 ## - GENERAL NOTE
General note Includes index.
600 10 - SUBJECT ADDED ENTRY--PERSONAL NAME
Personal name Jones, Quincy,
Dates associated with a name 1933-
650 #0 - SUBJECT ADDED ENTRY--TOPICAL TERM
Topical term or geographic name entry element Jazz musicians
Form subdivision Portraits.
Geographic subdivision United States
700 1# - ADDED ENTRY--PERSONAL NAME
Personal name Ross, Courtney.
700 1# - ADDED ENTRY--PERSONAL NAME
Personal name George, Nelson.
710 2# - ADDED ENTRY--CORPORATE NAME
Corporate name or jurisdiction name as entry element Frankfurt Gips Balkind (Firm)
730 0# - ADDED ENTRY--UNIFORM TITLE
Uniform title Listen up (Motion picture)
Holdings
Withdrawn status Lost status Damaged status Not for loan Home library Current library Shelving location Date acquired Total checkouts Full call number Barcode Date last seen Price effective from Koha item type
        Centerville Centerville General stacks 22/03/2026   781.64/092 B 20 BC0011197 22/03/2026 22/03/2026 Books